Największe europejskie miasta na literę P - Quiz z mapą - Statystyki

Ogólne statystyki
  • Ten quiz został rozwiązany 132 razy
  • Średni wynik to 11 z 20
Odpowiedzi na mapie
Odpowiedzi zakodowano w zielono-czerwonej skali na mapie do tego quizu, zgodnie z poniższymi procentami.
 
Statystyki odpowiedzi
Liczba
Ludności
Kraj Miasto % Poprawnych
541316 Polska Poznań
99%
2102650 Francja Paryż
96%
1357326 Czechy Praga
96%
5384342 Rosja Petersburg
94%
676118 Włochy Palermo
91%
231800 Portugalia Porto
89%
423350 Hiszpania Palma
62%
183401 Niemcy Poczdam
59%
198292 Włochy Parma
56%
223305 Wielka Brytania Portsmouth
54%
368809 Bułgaria Płowdiw
50%
208641 Włochy Padwa
49%
266955 Wielka Brytania Plymouth
47%
209672 Hiszpania Pampeluna
45%
210340 Rosja Psków
33%
286850 Ukraina Połtawa
22%
190605 Wielka Brytania Peterborough
13%
271023 Rosja Pietrozawodsk
8%
195213 Włochy Prato
7%
308130 Rosja Podolsk
5%
Nie znaleziono quizów pasujących do podanych kryteriów
Rozkład punktacji
Procent ludzi z każdym wynikiem
Percentyl według liczby udzielonych odpowiedzi
Twoja historia wyników
Nie rozwiązałeś tego quizu